| 000 | 00645nam a2200277Ia 4500 | ||
|---|---|---|---|
| 008 | 210210b2009 xxu||||| |||| 00| 0 eng d | ||
| 041 | _aeng | ||
| 082 | _a385.02 SETR | ||
| 100 | _aSETHI (S) | ||
| 245 | _aRailway recruitment boards exam for technical trades Ed 14 | ||
| 250 | _a | ||
| 260 |
_aNew Delhi _bBright Publication., _c2009 |
||
| 300 | _avii--756 | ||
| 650 | _atrades | ||
| 650 | _atechnical | ||
| 650 | _arecruitment | ||
| 650 | _aRailway | ||
| 650 | _afor | ||
| 650 | _aexam | ||
| 650 | _aEd | ||
| 650 | _aboards | ||
| 650 | _a14 | ||
| 690 | _aRailroad Transport | ||
| 700 | _aBRIGHT (P S) | ||
| 906 | _aSG05104 | ||
| 999 |
_c136483 _d136483 |
||